| 000 | 00422nam a22001577a 4500 | ||
|---|---|---|---|
| 020 | _a9788119443482 | ||
| 082 |
_aM100 7 _bSUR/N |
||
| 245 |
_aNythikathayude sukshmasruthi/ _cby Surendran V U(ed.) |
||
| 260 |
_aKozhikkode: _bAtma books, _c2024. |
||
| 300 | _a184p. | ||
| 650 | _aPoetry Malayalam Study | ||
| 650 | _aPoetry Malayalam KGS Study | ||
| 650 | _aLiterature Malayalam | ||
| 650 | _aLiterature | ||
| 942 | _cBK | ||
| 999 |
_c181989 _d181989 |
||